00367nam a2200109Ia 4500008004100000082000800041100001800049245007100067942000600138952009800144999001500242240331s9999 xx 000 0 und d bAFT aDe Mel, N. ed 0aAfter the waves :bthe impact of the Tsunami on women in Sri Lanka cL 001040708LaWERCLbWERCLcSSCd2024-03-31l0o 303.48 AFTp2403r2024-03-31w2024-03-31yL c1319d1319